Finding McLuhan : the mind, the man, the message /

Bibliographic Details
Main Author: Rogers, Jaqueline McLeod, 1956- (Author, Editor)
Other Authors: Taylor, Catherine, 1954- (Editor), Whalen, Tracy, 1970- (Editor)
Format: Book
Language:English
Published: Regina, Saskatchewan : University of Regina Press, [2015]
Subjects:

MARC

Tag First Indicator Second Indicator Subfields
LEADER 00000cam a22000008i 4500
001 in00003529607
005 20151105222703.0
008 150310s2015 snc b 001 0 eng
016 |a 2015901669X 
019 |a 893894234 
020 |a 9780889773745 (bound) 
020 |a 0889773742 (bound) 
020 |a 9780889773752 (paperback) 
020 |a 0889773750 (paperback) 
029 0 |a NLC  |b 2015901669X 
035 |a (OCoLC)ocn900828315 
035 |a (OCoLC)900828315 
040 |a NLC  |b eng  |e rda  |c NLC  |d YDXCP  |d BTCTA  |d OCLCO  |d OCLCF  |d DCK  |d CDX  |d LTSCA  |d UtOrBLW 
049 |a TXAM 
050 1 4 |a P92.5 M3 F566 2015 
055 0 |a P92.5 M3  |b F52 2015 
082 0 4 |a 302.23092  |2 23 
245 0 0 |a Finding McLuhan :  |b the mind, the man, the message /  |c edited by Jaqueline McLeod Rogers, Tracy Whalen, Catherine G. Taylor. 
263 |a 1504 
264 1 |a Regina, Saskatchewan :  |b University of Regina Press,  |c [2015] 
300 |a xxx, 303 pages ;  |c 24 cm 
336 |a text  |b txt  |2 rdacontent 
337 |a unmediated  |b n  |2 rdamedia 
338 |a volume  |b nc  |2 rdacarrier 
504 |a Includes bibliographical references and index. 
530 |a Issued also in electronic format. 
600 1 0 |a McLuhan, Marshall,  |d 1911-1980  |x Criticism and interpretation. 
650 0 |a Mass media criticism. 
650 0 |a Mass media and culture. 
600 1 7 |a McLuhan, Marshall,  |d 1911-1980.  |2 fast  |0 (OCoLC)fst00061566 
650 7 |a Mass media and culture.  |2 fast  |0 (OCoLC)fst01011339 
650 7 |a Mass media criticism.  |2 fast  |0 (OCoLC)fst01011387 
655 7 |a Criticism, interpretation, etc.  |2 fast  |0 (OCoLC)fst01411635 
700 1 |a Rogers, Jaqueline McLeod,  |d 1956-  |e author,  |e editor. 
700 1 |a Taylor, Catherine,  |d 1954-  |e editor. 
700 1 |a Whalen, Tracy,  |d 1970-  |e editor. 
776 1 |t Finding McLuhan.  |w (CaOONL)20159016703 
938 |a Baker and Taylor  |b BTCP  |n BK0015878162 
938 |a YBP Library Services  |b YANK  |n 12252493 
938 |a Coutts Information Services  |b COUT  |n 29971541 
938 |a YBP Library Services  |b YANK  |n 12435417 
947 |a A14842879273 
945 |a PromptCat  |b 240866 
946 |a stk 
994 |a 92  |b TXA 
999 |a MARS 
999 f f |s f43b3855-dab0-3266-afbf-b9d810051638  |i d9a7fc63-d0d8-3a03-87c1-f2daa1a82dae  |t 0 
952 f f |p normal  |a Texas A&M University  |b College Station  |c Sterling C. Evans Library  |d Evans: Library Stacks  |t 0  |e P92.5 M3 F566 2015  |h Library of Congress classification  |i unmediated -- volume  |m A14842879273 
998 f f |a P92.5 M3 F566 2015  |t 0  |l Evans: Library Stacks